\

Rethinking Retail: (Record no. 30403)

MARC details
000 -LEADER
fixed length control field 02151nam a2200361Ia 4500
003 - CONTROL NUMBER IDENTIFIER
control field OSt
005 - DATE AND TIME OF LATEST TRANSACTION
control field 20260416155047.0
008 - FIXED-LENGTH DATA ELEMENTS--GENERAL INFORMATION
fixed length control field 26011722025 sz d|||||||| |||| eng 0 eng d
020 ## - INTERNATIONAL STANDARD BOOK NUMBER
International Standard Book Number 9783031863455
040 ## - CATALOGING SOURCE
Original cataloging agency aue
Language of cataloging eng
Transcribing agency aue
Description conventions rda
041 ## - LANGUAGE CODE
Language code of text/sound track or separate title eng
050 00 - LIBRARY OF CONGRESS CALL NUMBER
Classification number HF5415.5
Item number .B 48 2025.
100 ## - MAIN ENTRY--PERSONAL NAME
Personal name Block, Martin.
245 10 - TITLE STATEMENT
Title Rethinking Retail:
Remainder of title A Marketer’s Guide to Decoding Consumer Preference through Data Analytics/
Statement of responsibility, etc. Martin Block, Frank Mulhern, Larry DeGaris, Don Schultz.
250 ## - EDITION STATEMENT
Edition statement Second edition.
260 ## - PUBLICATION, DISTRIBUTION, ETC.
Name of publisher, distributor, etc. Springer,
Date of publication, distribution, etc. 2025
264 #1 - PRODUCTION, PUBLICATION, DISTRIBUTION, MANUFACTURE, AND COPYRIGHT NOTICE
Place of production, publication, distribution, manufacture Cham:
Name of producer, publisher, distributor, manufacturer Palgrave Macmillan,
Date of production, publication, distribution, manufacture, or copyright notice 2025.
300 ## - PHYSICAL DESCRIPTION
Extent 126 Pages:
Other physical details illustrations ,
Dimensions 25 cm.
336 ## - CONTENT TYPE
Source rdacontent
Content type term text
Content type code txt
337 ## - MEDIA TYPE
Source rdamedia
Media type term unmediated
Media type code n
338 ## - CARRIER TYPE
Source rdacarrier
Carrier type term volume
Carrier type code nc
520 ## - SUMMARY, ETC.
Summary, etc. Retailing has changed rapidly in recent years with the pandemic accelerating the long-term growth of e-commerce. Drawing on a unique data set drawn from hundreds of thousands of interviews over almost two decades, this book takes a close look at changes in consumers’ shopping preferences, behaviors, and influences.<br/><br/>Across a range of topics, the authors argue that the rise of e-commerce has coincided with a decline in consumer preferences—what people buy and where they buy it. This presents challenges for both retailers and manufacturers.<br/><br/>The authors propose that the answer lies with consumers. A focus on consumers is fundamental to designing effective marketing strategies and campaigns. However, retailers and brands often have different perspectives about consumers. This book bridges that gap. The broad scope of topics and longitudinal data give retailers and brand marketers a roadmap for building and maintaining consumer preference in a rapidly changing and challenging environment.
650 #0 - SUBJECT ADDED ENTRY--TOPICAL TERM
Topical term or geographic name entry element Management.
650 #0 - SUBJECT ADDED ENTRY--TOPICAL TERM
Topical term or geographic name entry element Retail trade
General subdivision Management
650 #0 - SUBJECT ADDED ENTRY--TOPICAL TERM
Topical term or geographic name entry element Consumer behavior
General subdivision Data processing.
650 #0 - SUBJECT ADDED ENTRY--TOPICAL TERM
Topical term or geographic name entry element Marketing.
650 #0 - SUBJECT ADDED ENTRY--TOPICAL TERM
Topical term or geographic name entry element Marketing
General subdivision Data processing.
700 1# - ADDED ENTRY--PERSONAL NAME
Personal name Mulhern, Frank,
Relator term author.
700 1# - ADDED ENTRY--PERSONAL NAME
Personal name DeGaris, Larry,
Relator term author.
700 1# - ADDED ENTRY--PERSONAL NAME
Personal name Schultz, Don,
Relator term author.
942 ## - ADDED ENTRY ELEMENTS (KOHA)
Koha item type Books
Source of classification or shelving scheme Library of Congress Classification
Suppress in OPAC No
Holdings
Withdrawn status Lost status Source of classification or shelving scheme Damaged status Not for loan Collection Home library Current library Date acquired Cost, normal purchase price Total checkouts Full call number Barcode Date last seen Price effective from Koha item type
    Library of Congress Classification     College of Business Administration (COBA) MAIN MAIN 01/17/2026 333.00   HF5415.5 .B 48 2025. 00000141 01/17/2026 01/17/2026 Books